ZKM Gdynia - 28 - Statystyki

Ogólne statystyki
  • Ten quiz został rozwiązany 26 razy
  • Średni wynik to 19 z 24
Statystyki odpowiedzi
Przystanek Ulica % Poprawnych
3 Maja 10 Lutego
100%
3 Maja - Hala Wójta Radtkego
94%
Pustki Cisowskie Chabrowa
94%
Bławatna Chabrowa
88%
Kalksztajnów Morska
88%
Węzeł Żołnierzy Wyklętych Morska
88%
Zamenhofa Chylońska
88%
Chylonia Centrum Kartuska
81%
Chylonia Dworzec PKP Chylońska
81%
Jaskółcza Jaskółcza
81%
Mireckiego Morska
81%
Morska - Estakada Morska
81%
Plac Kaszubski - Świętojańska Świętojańska
81%
Wiklinowa Chabrowa
81%
Bpa Okoniewskiego Morska
75%
Centrum Handlowe Batory 10 Lutego
75%
Leszczynki SKM Chylońska
75%
Stocznia SKM - Morska Morska
75%
Uniwersytet Morski Morska
75%
Żurawia Chabrowa
75%
Pucka Chylońska
69%
Raduńska Kartuska
69%
Gdynia Dworzec Gł. PKP - Morska Morska
63%
Plac Kaszubski - Jana z Kolna Jana z Kolna
63%
Nie znaleziono quizów pasujących do podanych kryteriów
Rozkład punktacji
Procent ludzi z każdym wynikiem
Percentyl według liczby udzielonych odpowiedzi
Twoja historia wyników
Nie rozwiązałeś tego quizu